LEADER 03699nam 22005655 450 001 9910427709303321 005 20251202133253.0 010 $a3-030-52048-X 024 7 $a10.1007/978-3-030-52048-9 035 $a(CKB)4100000011491367 035 $a(MiAaPQ)EBC6363112 035 $a(DE-He213)978-3-030-52048-9 035 $a(MiAaPQ)EBC29092588 035 $a(EXLCZ)994100000011491367 100 $a20201003d2020 u| 0 101 0 $aeng 135 $aurnn|008mamaa 181 $ctxt$2rdacontent 182 $cc$2rdamedia 183 $acr$2rdacarrier 200 10$aPreventing Violent Radicalisation in Europe $eMultidisciplinary Perspectives /$fedited by Patrizia Meringolo 205 $a1st ed. 2020. 210 1$aCham :$cSpringer International Publishing :$cImprint: Springer,$d2020. 215 $a1 online resource (XVI, 224 p. 11 illus., 6 illus. in color.) 311 08$a3-030-52047-1 327 $a1. Defining a Multidisciplinary Approach for Complex Issues: An Introduction -- 2. Theoretical Background of Violent Radicalisation: Research and Interventions from Different Perspectives -- 3. Stigmatisation Processes: The Power of Classifications -- 4. First Steps: Reaching Consensus on Understanding Violent Radicalisation and Utilizing Participatory Approaches for Prevention -- 5. Theatre Projects in Prisons -- 6. Increasing Professionals? Knowledge and Skills to Deal with Violent Radicalisation. 330 $aThis book brings together the latest literature and European experiences on preventing youth violent radicalisation and violent actions in intergroup relations. Youth violent radicalisation is a significant problem within the European context, and requires an exploration of how various social actors can play an active role in preventing radicalisation in minors and young adults. This complex issue needs to be explored through a multidisciplinary approach, and effective operational models are needed in order to tackle it. This book describes the theoretical framework for such an approach in all its facets. The book?s originality lies in its psychosocial and participatory approach, aimed at improving results through professional training and community empowerment for building trusting relationships and educational activities. It also proposes ?alternative narratives?, which are a way of representing people and groups within a social context, thereby overcoming stereotyped visions and stigma. This book focuses on participation and communication among stakeholders, social inclusion, strengthening democratic values, and pursuing a proactive instead of a reactive approach to preventing radicalisation. Highly topical, the book will appeal to researchers and students of the social and behavioural sciences interested in youth radicalisation, including social work and social policy, as well as practitioners working within the juvenile justice system. . 606 $aPositive psychology 606 $aPolitical sociology 606 $aTerrorism 606 $aPolitical violence 606 $aPositive Psychology 606 $aPolitical Sociology 606 $aTerrorism and Political Violence 615 0$aPositive psychology. 615 0$aPolitical sociology. 615 0$aTerrorism. 615 0$aPolitical violence. 615 14$aPositive Psychology. 615 24$aPolitical Sociology. 615 24$aTerrorism and Political Violence. 676 $a363.32516094 702 $aMeringolo$b Patrizia 801 0$bMiAaPQ 801 1$bMiAaPQ 801 2$bMiAaPQ 906 $aBOOK 912 $a9910427709303321 996 $aPreventing violent radicalisation in Europe$92070500 997 $aUNINA